Music Quiz

Random Music or Word Ladder Quiz

Mini Music Word Ladders Quiz Stats

 Plays Quiz Updated Jul 22, 2017

Challenge
Share
Tweet
Embed
Score 0/80 Timer 10:00
5 Plays Today
% Correct
FOUR
96.8%
MEAT
94.6%
LADY
92.1%
soul
90.4%
cops
90%
TOPS
89.8%
sake
89.8%
EVER
89.7%
mean
88%
Pink
87.4%
COLD
87.4%
SLIP
87.2%
foul
87%
know
86.6%
hold
86.2%
lake
85.7%
SURF
85.6%
snow
85.1%
KNOT
84.9%
care
84.8%
stop
84.7%
hood
84.3%
slop
83.9%
LOAF
83.9%
dark
83.5%
NASA
83%
CELL
83%
NADA
82.8%
hoot
82.6%
PUNK
82.4%
moan
81.8%
PLAY
81.5%
sous
81.5%
SOFT
80.7%
soot
80.6%
stow
80.2%
cure
79.7%
lent
78.9%
slot
78.6%
sure
77.8%
% Correct
lade
77.7%
sops
77.6%
LAST
76.8%
fast
76.5%
dart
76.2%
loft
76%
Joan
76%
left
75.1%
belt
74.2%
TORI
74.2%
deer
74%
torn
73.9%
GAGA
73.8%
fest
73.5%
load
73.5%
feet
73.2%
bell
72.5%
sage
72.1%
case
71.8%
slay
70.9%
slat
70.4%
saga
69.9%
deet
67.9%
Dirk
67.1%
pelt
66.6%
dink
64.3%
Joad
63.3%
pent
62.8%
cash
60.3%
toon
60.2%
Nash
59.6%
loon
58.1%
años
58.1%
DAFT
57.6%
dyer
55.1%
eyer
54.1%
AMOS
49.8%
L. Ron
48.1%
anon
35%
Aron
34.5%

You're not logged in!

Compare scores with friends on all Sporcle quizzes.
OR
Log In

You Might Also Like...

Show Comments

Extras

Top Quizzes Today


Score Distribution

Your Account Isn't Verified!

In order to create a playlist on Sporcle, you need to verify the email address you used during registration. Go to your Sporcle Settings to finish the process.

Report this User

Report this user for behavior that violates our Community Guidelines.

Details: